De l'autorité dans les sociétés modernes ou Examen comparatif du principe révolutionnaire et du principe chrétien / (Record no. 152258)

MARC details
000 -LEADER
campo de control de longitud fija 00648nam a22001815i 4500
001 - NÚMERO DE CONTROL
campo de control 152258
003 - IDENTIFICADOR DE NÚMERO DE CONTROL
campo de control ES-MaACL
005 - FECHA Y HORA DE LA ÚLTIMA TRANSACCIÓN
campo de control 20230906204615.0
008 - DATOS DE LONGITUD FIJA--INFORMACIÓN GENERAL
campo de control de longitud fija 980924s1855 fr |||| | fre d
040 ## - FUENTE DE CATALOGACIÓN
Centro catalogador/agencia de origen AR
Lengua de catalogación spa
Centro/agencia transcriptor AR
100 1# - ENTRADA PRINCIPAL--NOMBRE DE PERSONA
Nombre de persona Blot-Lequesne, J.-B.-G.
9 (RLIN) 126024
245 10 - MENCIÓN DEL TÍTULO
Título De l'autorité dans les sociétés modernes ou Examen comparatif du principe révolutionnaire et du principe chrétien /
Mención de responsabilidad, etc. par Blot-Lequesne.
260 ## - PUBLICACIÓN, DISTRIBUCIÓN, ETC.
Lugar de publicación, distribución, etc. Paris :
Nombre del editor, distribuidor, etc. Dentu et Lacroix,
Fecha de publicación, distribución, etc. 1855 (
Fabricante Imprimerie Guiraudet et Jouaust)
300 ## - DESCRIPCIÓN FÍSICA
Extensión VII, 332 p. ;
Dimensiones 23 cm.
597 #1 - NOTA DE DESCRIPCIÓN FÍSICA
NOTA DE DESCRIPCIÓN FÍSICA Antep.
650 #4 - PUNTO DE ACCESO ADICIONAL DE MATERIA--TÉRMINO DE MATERIA
Término de materia o nombre geográfico como elemento de entrada Autoridad.
9 (RLIN) 147898
852 ## - LOCALIZACIÓN
Ubicación ES-MaACL
Número de control de estantería G-12150
Nota libre -- Enc. hol.
Holdings
Estatus retirado Estado de pérdida Estado de daño No para préstamo Colección Biblioteca de origen Biblioteca actual Ubicación en estantería Fecha de adquisición Fuente de adquisición Total de préstamos Signatura topográfica completa Código de barras Visto por última vez Precio de reemplazo Tipo de ítem Koha
        Libros del s. XIX Biblioteca del Ateneo de Madrid Biblioteca del Ateneo de Madrid Sala Pecera Planta 3 17/01/2008     G-12150 1158962 23/02/2023 23/02/2023 Libro impreso antiguo